[Event "Subotica-ch"]
[Site "Subotica"]
[Date "2008.03.03"]
[Round "7"]
[White "Toth, Macas"]
[Black "Tokovic, Svetozar"]
[Result "0-1"]
[WhiteElo "2141"]
[BlackElo "2268"]
[PlyCount "74"]
[EventDate "2008.02.18"]
[EventType "swiss"]
[EventRounds "9"]
[EventCountry "YUG"]
[SourceTitle "CBM 123 Extra"]
[Source "ChessBase"]
[SourceDate "2008.05.06"]
[SourceVersion "1"]
[SourceVersionDate "2008.05.06"]
[SourceQuality "1"]

1. e4 c5 2. Nf3 e6 3. d4 cxd4 4. Nxd4 a6 5. Nc3 Qc7 6. a3 Nf6 7. Be3 b5 8. Be2 Bb7 9. f3 d5 10. exd5 Nxd5 11. Nxd5 Bxd5 12. Qd2 Nc6 13. Nxc6 Qxc6 14. Bd3 Bd6 15. 0-0 Qc7 16. h3 Be5 17. Qb4 Bd6 18. Qd2 0-0 19. Rfe1 Rfd8 20. Qe2 Be5 21. Rab1 Rab8 22. Bf2 Bd6 23. Qe3 Bf4 24. Qc5 Qb7 25. Rbd1 Bd6 26. Qe3 Be7 27. Qa7 Bf6 28. Qxb7 Rxb7 29. b3 a5 30. Be3 b4 31. a4 Bc3 32. Rf1 g6 33. Kf2 Kg7 34. Bb5 Rbb8 35. Rd3 Rdc8 36. Rdd1 Be5 37. Bd3 Bc6 0-1

[Event "Subotica-ch"]
[Site "Subotica"]
[Date "2008.02.29"]
[Round "6"]
[White "Tancik, Kristijan"]
[Black "Toth, Macas"]
[Result "1/2-1/2"]
[WhiteElo "2206"]
[BlackElo "2141"]
[PlyCount "106"]
[EventDate "2008.02.18"]
[EventType "swiss"]
[EventRounds "9"]
[EventCountry "YUG"]
[SourceTitle "CBM 123 Extra"]
[Source "ChessBase"]
[SourceDate "2008.05.06"]
[SourceVersion "1"]
[SourceVersionDate "2008.05.06"]
[SourceQuality "1"]

1. d4 f5 2. Bg5 g6 3. Nc3 Bg7 4. e4 fxe4 5. Nxe4 Nf6 6. Ng3 c5 7. dxc5 Qa5+ 8. Qd2 Qxc5 9. 0-0-0 Nc6 10. Nf3 Qa5 11. Qxa5 Nxa5 12. Bd2 Nc6 13. Bc3 0-0 14. Bc4+ e6 15. Rhe1 a6 16. a4 d5 17. Bb3 b5 18. h3 b4 19. Bd2 Bd7 20. Ng5 Rfe8 21. f4 Nd4 22. Bxb4 Nxb3+ 23. cxb3 Rab8 24. Bc3 Rxb3 25. a5 h6 26. Nf3 Rc8 27. Rd3 Bb5 28. Rd2 Nd7 29. Rxe6 Rbxc3+ 30. bxc3 Nc5 31. Rxg6 Nb3+ 32. Kb2 Nxd2 33. Nxd2 Kf7 34. Rxg7+ Kxg7 35. Nf5+ Kf6 36. Nd6 Rb8 37. Kc2 Be2 38. g4 Rd8 39. Nf5 Rf8 40. Nd4 Bb5 41. Nxb5 axb5 42. f5 h5 43. Kd3 hxg4 44. hxg4 Rg8 45. Kd4 Rxg4+ 46. Kxd5 Ra4 47. Nb3 Ra3 48. Nd4 Rxc3 49. Nxb5 Rb3 50. Kc4 Rb1 51. a6 Ra1 52. a7 Kxf5 53. Kb4 Rxa7 1/2-1/2